书目信息 |
| 题名: |
小波分析理论、算法及其应用
|
|
| 作者: | 戈斯瓦米 , 钱 著 ;许天周 , 黄春光 译 | |
| 分册: | ||
| 出版信息: | 北京 国防工业出版社 2007.02 |
|
| 页数: | 237页 | |
| 开本: | 26cm | |
| 丛书名: | ||
| 单 册: | ||
| 中图分类: | O177 | |
| 科图分类: | ||
| 主题词: | 小波分析--xiao bo fen xi | |
| 电子资源: | ||
| ISBN: | 7-118-04824-0 | |
| 000 | 01104nam0 2200265 450 | |
| 001 | 012007660452 | |
| 005 | 20071010095849.85 | |
| 010 | @a7-118-04824-0@dCNY27.00 | |
| 100 | @a20070611d2007 km y0chiy0120 ea | |
| 101 | 1 | @achi@ceng |
| 102 | @aCN@b110000 | |
| 105 | @aa a 000yy | |
| 200 | 1 | @a小波分析理论、算法及其应用@Axiao bo fen xi li lun、suan fa ji qi ying yong@f(美) Jaideva C. Goswami, Andrew K. Chan著@F(mei)Jaideva C.Goswami,Andrew K.Chan zhu@g许天周, 黄春光译@Gxu tian zhou,huang chun guang yi |
| 210 | @a北京@c国防工业出版社@d2007.02 | |
| 215 | @a237页@c图@d26cm | |
| 320 | @a有书目。 | |
| 330 | @a本书深入浅出地介绍了小波理论、算法及其应用,着重讲解了多分辨分析、小波的构造、小波微钙化点检测技术、小波多载波通信技术,以及小波多分辨率在三维医学图像可视化和边值问题等方面的应用。 | |
| 606 | 0 | @a小波分析@Axiao bo fen xi |
| 690 | @aO177@v4 | |
| 701 | 1 | @a戈斯瓦米@Age si wa mi@g(Goswami, Jaideva C.)@4著 |
| 701 | 1 | @a钱@Aqian@g(Chan, Andrew K.)@4著 |
| 702 | 0 | @a许天周@Axu tian zhou@4译 |
| 702 | 0 | @a黄春光@Ahuang chun guang@4译 |
| 801 | 0 | @aCN@c20071010 |
| 905 | @dO177@eG241 | |
| 小波分析理论、算法及其应用/(美) Jaideva C. Goswami, Andrew K. Chan著/许天周, 黄春光译.-北京:国防工业出版社,2007.02 |
| 237页:图;26cm |
| ISBN 7-118-04824-0:CNY27.00 |
| 本书深入浅出地介绍了小波理论、算法及其应用,着重讲解了多分辨分析、小波的构造、小波微钙化点检测技术、小波多载波通信技术,以及小波多分辨率在三维医学图像可视化和边值问题等方面的应用。 |
| ● |
| 相关链接 |
|
|
|
正题名:小波分析理论、算法及其应用
索取号:O177/G241
 
预约/预借
| 序号 | 登录号 | 条形码 | 馆藏地/架位号 | 状态 | 备注 |
| 1 | 243968 | 202439682 | 自科库401/401自科库 45排5列2层/ [索取号:O177/G241] | 在馆 | |
| 2 | 243969 | 202439691 | 自科库401/401自科库 45排5列2层/ [索取号:O177/G241] | 在馆 |